Statistiques concernant Êtes-vous rapide ? Test de rapidité 15 matières

Cliquez ici pour prendre le quiz!

Statistiques générales

  • Ce quiz a été pris 542 fois
  • Le résultat moyen est 11 sur 15

Statistiques - réponses

Matières% Correct
Français
98%
Mathématiques
97%
Anglais
93%
Histoire
89%
Espagnol
87%
Sciences et vie de la terre
81%
Physique
80%
Géographie
79%
Arts plastiques
71%
Allemand
70%
Musique
70%
Education physique et sportive
69%
Technologie
62%
Chimie
52%
Education morale et civique
41%

Distribution des résultats

Percentile par nombre de réponses

% des personnes avec chaque résultat

Votre développement - résultats

Vous n’avez pas pris ce quiz